[Event "Ruy Lopez: Closed Variation Thematic!"]
[Site "SchemingMind.com"]
[Date "2018.07.26"]
[Round "-"]
[White "maro"]
[Black "mochiron"]
[Result "1-0"]
[WhiteCountry "MEX"]
[BlackCountry "JPN"]
[WhiteElo "1503"]
[WhiteRD "58"]
[BlackElo "1493"]
[BlackRD "85"]
[GameID "430668"]

1. e4 e5 2. Nf3 Nc6 3. Bb5 a6 4. Ba4 Nf6 5. O-O Be7 6. Re1 b5 7. Bb3 O-O 8. c3 d6 9. h3 Bxh3 10. gxh3 h6
11. d3 Nh7 12. Be3 Ng5 13. Nxg5 Bxg5 14. Bd5 Bxe3 15. Rxe3 Qd7 16. Nd2 Rae8 17. Qf1 Ne7 18. Bb3 Ng6 19. c4 Nf4 20. cxb5 axb5
21. Bd1 Re6 22. Bg4 f5 23. exf5 Ref6 24. Nf3 Rxf5 25. Bxf5 Qxf5 26. Nh2 Rf6 27. Ng4 Rg6 28. f3 Nh5 29. Rae1 Nf6 30. Kh1 Nxg4
31. fxg4 Qg5 32. Re4 Rf6 33. Qg1 Rf3 34. R4e3 Rf6 35. Rf1 Rg6 36. Qf2 h5 37. gxh5 Qxh5 38. Qf7+ Kh7 39. Rg3 Rg5 40. Qxh5+ Rxh5
41. Rf7 Kg8 42. Rgxg7+ Kh8 43. Rxc7 Rxh3+ 44. Kg2 Rxd3 45. Rge7 Rd2+ 46. Kf3 Rxb2 47. Re8#
1-0

[Event "Ruy Lopez: Closed Variation Thematic!"]
[Site "SchemingMind.com"]
[Date "2018.07.31"]
[Round "-"]
[White "mochiron"]
[Black "Chessibelle"]
[Result "1-0"]
[WhiteCountry "JPN"]
[BlackCountry "ENG"]
[WhiteElo "1543"]
[WhiteRD "94"]
[BlackElo "1216"]
[BlackRD "57"]
[GameID "430669"]

1. e4 e5 2. Nf3 Nc6 3. Bb5 a6 4. Ba4 Nf6 5. O-O Be7 6. Re1 b5 7. Bb3 O-O 8. c3 d6 9. h3 g6 10. d3 Bb7
11. Bh6 Re8 12. d4 Nh5 13. d5 Na7 14. Nbd2 Bf6 15. g4 Nf4 16. Bxf4 exf4 17. g5 Bg7 18. Bc2 f6 19. Kh2 fxg5 20. Rg1 h5
21. Nxg5 Qd7 22. Ne6 Be5 23. Rxg6+ Kh7 24. Qxh5#
1-0

[Event "Ruy Lopez: Closed Variation Thematic!"]
[Site "SchemingMind.com"]
[Date "2018.07.26"]
[Round "-"]
[White "Chessibelle"]
[Black "mochiron"]
[Result "0-1"]
[WhiteCountry "ENG"]
[BlackCountry "JPN"]
[WhiteElo "1216"]
[WhiteRD "57"]
[BlackElo "1543"]
[BlackRD "94"]
[GameID "430670"]

1. e4 e5 2. Nf3 Nc6 3. Bb5 a6 4. Ba4 Nf6 5. O-O Be7 6. Re1 b5 7. Bb3 O-O 8. c3 d6 9. h3 Nh5 10. d3 h6
11. Be3 Nf4 12. d4 Bh4 13. g3 Nxh3+ 14. Kh2 Bg5 15. Ng1 Bxe3 16. Rxe3 Nxf2 17. Qh5 Ng4+ 18. Kh1 Nxe3 19. Nd2 Qf6 20. Ngf3 Bg4
21. Qh2 Bxf3+ 22. Kg1 Ng4 23. Qh3 Nf2 24. Kxf2 Bg4+ 25. Kg2 Bxh3+ 26. Kxh3 Qg5 27. Kg2 Qxd2+ 28. Kh3 exd4 29. Rg1 dxc3 30. bxc3 Qxc3
31. Bd1 Qe3
0-1

[Event "Ruy Lopez: Closed Variation Thematic!"]
[Site "SchemingMind.com"]
[Date "2018.07.26"]
[Round "-"]
[White "mochiron"]
[Black "Wojtek26"]
[Result "1-0"]
[WhiteCountry "JPN"]
[BlackCountry "POL"]
[WhiteElo "1493"]
[WhiteRD "85"]
[BlackElo "1628"]
[BlackRD "61"]
[GameID "430671"]

1. e4 e5 2. Nf3 Nc6 3. Bb5 a6 4. Ba4 Nf6 5. O-O Be7 6. Re1 b5 7. Bb3 O-O 8. c3 d6 9. h3 Bb7 10. d3 h6
11. Nh4 Nd7 12. Nf5 Qe8 13. Nxh6+ gxh6 14. Bxh6 Nf6 15. Bxf8 Bxf8 16. Nd2 Na5 17. Bd5 Bxd5 18. exd5 Nb7 19. Ne4 Nxe4 20. dxe4 Bg7
21. Qg4 Nc5 22. Re3 Qd7 23. Qg5 Qd8 24. Qh5 Qf6 25. Rf3 Qe7 26. Rg3 Qf6 27. Re1 Na4 28. Ree3 Nxb2 29. Rxg7+ Qxg7 30. Rg3 Qxg3
31. fxg3 Na4 32. Qg4+ Kf8 33. h4 Nxc3 34. a3 Nb1 35. h5 Nxa3 36. h6 Ke7 37. h7
1-0

[Event "Ruy Lopez: Closed Variation Thematic!"]
[Site "SchemingMind.com"]
[Date "2018.07.26"]
[Round "-"]
[White "Wojtek26"]
[Black "mochiron"]
[Result "1-0"]
[WhiteCountry "POL"]
[BlackCountry "JPN"]
[WhiteElo "1628"]
[WhiteRD "61"]
[BlackElo "1493"]
[BlackRD "85"]
[GameID "430672"]

1. e4 e5 2. Nf3 Nc6 3. Bb5 a6 4. Ba4 Nf6 5. O-O Be7 6. Re1 b5 7. Bb3 O-O 8. c3 d6 9. h3 Be6 10. Bxe6 fxe6
11. Qb3 d5 12. exd5 Nxd5 13. Nxe5 Nxe5 14. Rxe5 Bc5 15. d4 Bb6 16. Rxe6 Nf4 17. Bxf4 Kh8 18. Bg3 Re8 19. Nd2 Rxe6 20. Qxe6 Qf8
21. Nf3 Re8 22. Qc6 h6 23. Bxc7 Bxc7 24. Qxc7 Re6 25. Re1 Rg6 26. Ne5 Rf6 27. Nf3 Rxf3 28. gxf3 Qxf3 29. Qg3 Qf5 30. Re7 Qg5
31. Qxg5 hxg5 32. d5 Kg8 33. d6 Kf8 34. b4 g6 35. a3 g4 36. hxg4 g5 37. Kg2
1-0

[Event "Ruy Lopez: Closed Variation Thematic!"]
[Site "SchemingMind.com"]
[Date "2018.07.31"]
[Round "-"]
[White "mochiron"]
[Black "jolasebabes"]
[Result "0-1"]
[WhiteCountry "JPN"]
[BlackCountry "POR"]
[WhiteElo "1493"]
[WhiteRD "85"]
[BlackElo "2146"]
[BlackRD "70"]
[GameID "430673"]

1. e4 e5 2. Nf3 Nc6 3. Bb5 a6 4. Ba4 Nf6 5. O-O Be7 6. Re1 b5 7. Bb3 O-O 8. c3 d6 9. h3 Bb7 10. d3 Na5
11. Bg5 Nxb3 12. Qxb3 h6 13. Bxf6 Bxf6 14. Nbd2 c5 15. Nh2 g6 16. Ng4 Bg7 17. Ne3 Bc6 18. Nd5 a5 19. Nf3 a4 20. Qd1 f5
21. Ne3 fxe4 22. dxe4 Bxe4 23. Ng4 Bxf3 24. gxf3 Ra7 25. Qd5+ Kh7 26. Kh2 Raf7 27. Rg1 Rxf3 28. Rae1 Qh4 29. Rg3 Rxf2+ 30. Nxf2 Rxf2+
31. Rg2 Rxg2+ 32. Kxg2 Qxe1 33. Qxd6 e4 34. Qxc5 Qd2+ 35. Kg3 e3
0-1

[Event "Ruy Lopez: Closed Variation Thematic!"]
[Site "SchemingMind.com"]
[Date "2018.07.26"]
[Round "-"]
[White "jolasebabes"]
[Black "mochiron"]
[Result "1-0"]
[WhiteCountry "POR"]
[BlackCountry "JPN"]
[WhiteElo "2150"]
[WhiteRD "72"]
[BlackElo "1543"]
[BlackRD "94"]
[GameID "430674"]

1. e4 e5 2. Nf3 Nc6 3. Bb5 a6 4. Ba4 Nf6 5. O-O Be7 6. Re1 b5 7. Bb3 O-O 8. c3 d6 9. h3 h6 10. d4 exd4
11. cxd4 Nh7 12. Nc3 Bg5 13. Nxg5 Nxg5 14. f4 Nxh3+ 15. gxh3 Bxh3 16. Qh5 Be6 17. d5 Nd4 18. dxe6 Nxb3 19. exf7+ Rxf7 20. axb3 c6
21. Be3 c5 22. Rad1 b4 23. Nd5 Kh7 24. Qxf7 Qh4 25. Qf5+ Kg8 26. Ne7+
1-0